Forestry and forest products vocabulary
| Main Author: | |
|---|---|
| Format: | Book |
| Published: |
Slough, England :
Commonwealth Agricultural Bureaux ,
1984
|
| Subjects: |
MARC
| LEADER | 00000cam a2200000 7i4500 | ||
|---|---|---|---|
| 001 | 0000002360 | ||
| 005 | 20030530.0 | ||
| 020 | 0 | 0 | |a 0851985483 |
| 090 | 0 | 0 | |a 634.903 |b RUO 1984 |
| 100 | 1 | 0 | |a RUOKONEN |h Mirja |
| 245 | 1 | 0 | |a Forestry and forest products vocabulary |c Mirja Ruokonen |
| 260 | 0 | 0 | |a Slough, England : |b Commonwealth Agricultural Bureaux , |c 1984 |
| 300 | |a xiv, 459 p. ; |c 25 cm. | ||
| 650 | 0 | 0 | |a Forests and forestry |x Dictionaries |
| 998 | |a JPSM | ||
| 999 | |a 0000004183 |b Monograph |c Open Shelf |e Default branch | ||